National Anthem of France - ''La Marseillaise'' - Statistics

General Stats
  • This quiz has been taken 85 times
  • The average score is 37 of 57
Answer Stats
Answer % Correct
Allons
97%
de
92%
la
92%
patrie,
92%
arrivé!
90%
de
90%
enfants
90%
Le
89%
gloire
87%
jour
87%
est
85%
de
82%
la
82%
nous
80%
Contre
77%
tyrannie
75%
est
69%
sanglant
69%
levé!
67%
est
66%
levé!
64%
sanglant
64%
L'étendard
61%
féroces
59%
Mugir
59%
soldats?
59%
dans
57%
Aux
56%
bras
56%
campagnes,
56%
ces
56%
citoyens!
56%
fils
56%
Formez
56%
L'étendard
56%
armes
54%
dans
54%
impur
54%
jusque
54%
les
54%
Marchons!
54%
Marchons!
54%
Qu'un
54%
sang
54%
sillons!
54%
viennent
54%
bataillons!
52%
Égorger
52%
Ils
52%
nos
52%
compagnes!
51%
vos
51%
Abreuve
49%
nos
49%
Entendez-vous
48%
nos
48%
nos
46%
No matching quizzes found
Score Distribution
Percent of People with Each Score
Percentile by Number Answered
Your Score History
You have not taken this quiz